000 03185njm a2200541Ia 4500
001 24658
003 IT-RoPAU
005 20220918181112.0
008 131025s9999 xx 000 0 und d
040 _aIT-RoPAU
040 _cIT-RoPAU
999 _c99065
_d99065
999 _bn.d.
100 _aAA.VV.
_9794
100 _eAutore musica
_911394
100 _gCodice autore musica SPICS: 12000
_9796
245 _aIn South America
250 _a1a ed.
260 _aITALIA
260 _bPOLYDOR
_c1974 [1a Ed.:1974]
300 _aDISCO
300 _c36 minuti (Testo: pag.)
500 _aMusica strumentale. Arrangiamento di brani sudamericani
505 _aTico tico (4:00) - Malaguena (3:00) Tequila (5:00) - Papa Loves Mambo - Oh, Lonesome me - Brazil (3:00) - Perfidia (3:00) - Guantanamera (4:00) - Manha de carnaval (2:00) - Ole! O' cangaceiro (4:00) - The Wedding Samba (5:00) - El combanchero - La pachanga - Happy Brasilia (4:00) - La bamba (2:00) - La paloma (4:00)
650 _aARRANGIAMENTO [DISCHI]
_eCodice MATERIA SPICS: 9950
_911395
700 _aLast James
_eInterprete
_gCodice interprete SPICS: 10976
_911396
700 _aLast James
_gCodice autore SPICS: 10976
_eAutore
_99404
700 _aAbreu Zequinha
_gCodice autore musica SPICS: 14497
_eAutore musica
_pTico tico
_911397
700 _aLecuona M.
_gCodice autore musica SPICS: 14010
_eAutore musica
_pMalaguena
_911398
700 _aRio Chuck
_gCodice autore musica SPICS: 15714
_eAutore musica
_pTequila
_911399
700 _aSalvet
_gCodice autore SPICS: 15715
_eAutore
_pTequila
_911400
700 _aRotter F.
_gCodice autore musica SPICS: 15716
_eAutore musica
_pPapa Loves Mambo
_911401
700 _aReichner
_gCodice autore SPICS: 22705
_eAutore
_pPapa Loves Mambo
_911402
700 _aHoffman
_gCodice autore musica SPICS: 27344
_eAutore musica
_pPapa Loves Mambo
_911403
700 _aDon Gibson
_gCodice autore musica SPICS: 15718
_eAutore musica
_pOh, Lonesome me
_911404
700 _aSiegel R.M.
_gCodice autore musica SPICS: 14420
_eAutore musica
_pOh, Lonesome me - The Wedding Samba - El combanchero
_911405
700 _aLacalle J.M.
_gCodice autore musica SPICS: 14498
_eAutore musica
_pBrazil
_911406
700 _aDominiguez
_gCodice autore musica SPICS: 15719
_eAutore musica
_pPerfidia
_911407
700 _aAnonimo
_gCodice autore musica SPICS: 2620
_eAutore musica
_pGuantanamera - La bamba - La paloma
_911408
700 _aBonfa
_gCodice autore musica SPICS: 13934
_eAutore musica
_pManha de carnaval
_911409
700 _aNascimento Milton
_gCodice autore musica SPICS: 15502
_eAutore musica
_pOle! O' cangaceiro
_911410
700 _aEllstein
_gCodice autore musica SPICS: 15720
_eAutore musica
_pThe Wedding Samba
_911411
700 _aLeibowitz
_gCodice autore testo/musica SPICS: 27523
_eAutore musica
_pThe Wedding Samba
_911412
700 _aHernandez Rafael
_gCodice autore SPICS: 14367
_eAutore
_pEl combanchero
_911413
700 _aMarbot Bernard
_gCodice autore musica SPICS: 25930
_eAutore musica
_pEl combanchero
_911414
700 _aDavidson
_gCodice autore musica SPICS: 15721
_eAutore musica
_pLa pachanga
_911415
700 _aBartels
_gCodice autore SPICS: 15722
_eAutore
_pLa pachanga
_911416
942 _cMD
_2ddc